| 000 | 00635nam a22001697a 4500 | ||
|---|---|---|---|
| 008 | 160927b xxu||||| |||| 00| 0 eng d | ||
| 020 | _a0130129380 | ||
| 050 |
_aLC 3981 _b.H49 2000 |
||
| 100 | _aHeward, William L. | ||
| 245 |
_aExceptional children : _ban introduction to special education/ _cWilliam L. Heward |
||
| 250 | _a6th ed. | ||
| 260 |
_aUpper saddle river: _bMerril, _c2000 |
||
| 300 |
_axxii, 632p. :ill. ; _bBibliographical references and index. _c21cm. _ecd |
||
| 650 |
_aspecial education _xUnited states. |
||
| 650 |
_aExeptional children _xUnited states. |
||
| 942 |
_2lcc _cBOOKS _hLC 3981 .H49 2000 _04 |
||
| 999 |
_c14173 _d14173 |
||